[Event "OLNN 1617 Königsspringer - FC St. Pauli"]
[Site "?"]
[Date "2017.01.15"]
[Round "4.2"]
[White "Zimmermann, Julian"]
[Black "Feuerstack, Aljoscha"]
[Result "1/2-1/2"]
[WhiteElo "2292"]
[BlackElo "2449"]
[PlyCount "20"]
[EventDate "2017.??.??"]

1. c4 c5 2. g3 e6 3. Bg2 Nc6 4. Nc3 g6 5. e3 Bg7 6. Nge2 Nge7 7. d4 cxd4 8.
exd4 d5 9. cxd5 Nxd5 10. Nxd5 exd5 1/2-1/2

[Event "OLNN 1617 Königsspringer - FC St. Pauli"]
[Site "?"]
[Date "2017.01.15"]
[Round "4.3"]
[White "Michna, Marta"]
[Black "Harder, Clemens"]
[Result "1/2-1/2"]
[WhiteElo "2388"]
[BlackElo "2183"]
[PlyCount "52"]
[EventDate "2017.??.??"]

1. d4 d5 2. Bf4 Bf5 3. e3 e6 4. Nd2 Bd6 5. Ngf3 Bxf4 6. exf4 Qd6 7. g3 Nf6 8.
c3 Ne4 9. Ne5 Nxd2 10. Qxd2 f6 11. Nf3 Be4 12. Be2 Nd7 13. O-O Bxf3 14. Bxf3
Kf7 15. Rfe1 c6 16. Re3 Rhe8 17. Rae1 f5 18. Bd1 b5 19. Bc2 g6 20. Qe2 Nf6 21.
h3 a6 22. Bd3 h5 23. Re5 Nd7 24. Re3 Nf6 25. Re5 Nd7 26. Re3 Nf6 1/2-1/2

[Event "OLNN 1617 Königsspringer - FC St. Pauli"]
[Site "?"]
[Date "2017.01.15"]
[Round "4.4"]
[White "Borgmeyer, Max"]
[Black "Voigt, Martin"]
[Result "1/2-1/2"]
[WhiteElo "2220"]
[BlackElo "2340"]
[PlyCount "133"]
[EventDate "2017.??.??"]

1. e4 c6 2. d4 d5 3. exd5 cxd5 4. Bd3 Nc6 5. c3 Nf6 6. Bf4 Bg4 7. Qb3 Qc8 8.
Nd2 e6 9. Ngf3 Be7 10. O-O O-O 11. Rfe1 Bh5 12. Ne5 Nxe5 13. Bxe5 Bg6 14. Bxg6
hxg6 15. Rac1 Qd7 16. c4 dxc4 17. Rxc4 Rfc8 18. Rec1 Nd5 19. h3 Bg5 20. Rxc8+
Rxc8 21. Rxc8+ Qxc8 22. Nc4 b6 23. a4 f6 24. Bg3 Bf4 25. Bxf4 Nxf4 26. Kh2 Qc6
27. Ne3 Kf7 28. g3 Ne2 29. d5 exd5 30. Nxd5 Nd4 31. Qa2 Qe6 32. Qc4 Nf3+ 33.
Kg2 Nd2 34. Qc7+ Kg8 35. Qd8+ Kh7 36. Nxf6+ Qxf6 37. Qxd2 Qc6+ 38. Kg1 Qxa4 39.
h4 Qe4 40. Qc3 a5 41. Qb3 Qd4 42. Qc2 Qd5 43. Kf1 b5 44. Ke2 a4 45. Qc3 Qd6 46.
Qd2 Qe6+ 47. Kd1 Qg4+ 48. Qe2 Qf5 49. Qc2 b4 50. Qxa4 Qb1+ 51. Kd2 Qxb2+ 52.
Qc2 Qd4+ 53. Kc1 Kh6 54. Qd2+ Qxd2+ 55. Kxd2 g5 56. hxg5+ Kxg5 57. f3 Kf5 58.
Kd3 Ke5 59. Kc4 g6 60. Kxb4 Kd4 61. f4 Ke4 62. Kc4 Kf3 63. Kd4 Kxg3 64. Ke3 Kg4
65. Ke4 Kg3 66. f5 gxf5+ 67. Kxf5 1/2-1/2

[Event "OLNN 1617 Königsspringer - FC St. Pauli"]
[Site "?"]
[Date "2017.01.15"]
[Round "4.5"]
[White "Krause, Jonah"]
[Black "Wagner, Friedrich"]
[Result "1-0"]
[WhiteElo "2305"]
[BlackElo "2224"]
[PlyCount "81"]
[EventDate "2017.??.??"]

1. d4 d5 2. c4 c6 3. Nf3 Nf6 4. Qc2 g6 5. Bf4 Bg7 6. e3 Bf5 7. Qb3 Qb6 8. Nc3
Nbd7 9. h3 O-O 10. Be2 dxc4 11. Bxc4 Qxb3 12. Bxb3 Bd3 13. O-O-O Ba6 14. e4 e6
15. Rhe1 Rac8 16. g4 Rfd8 17. Kb1 Nb6 18. Bg5 h6 19. Bh4 Re8 20. e5 Nfd5 21.
Ne4 Bf8 22. Bxd5 Nxd5 23. Nd6 Bxd6 24. exd6 Rcd8 25. Bxd8 Rxd8 26. h4 Rxd6 27.
Rd2 Nf4 28. Re3 Kg7 29. g5 h5 30. Ne5 c5 31. Rf3 Ne2 32. Rxf7+ Kg8 33. Rf6 Nxd4
34. Rxg6+ Kf8 35. Rh6 Be2 36. g6 c4 37. Rh8+ Kg7 38. Rh7+ Kg8 39. Nf7 Bd3+ 40.
Rxd3 cxd3 41. Nh6+ 1-0

[Event "OLNN 1617 Königsspringer - FC St. Pauli"]
[Site "?"]
[Date "2017.01.15"]
[Round "4.6"]
[White "Lampe, Joerg"]
[Black "Breyther, Ruediger"]
[Result "0-1"]
[WhiteElo "2158"]
[BlackElo "2262"]
[PlyCount "112"]
[EventDate "2017.??.??"]

1. e4 c5 2. Nf3 e6 3. c3 Nf6 4. e5 Nd5 5. d4 cxd4 6. cxd4 d6 7. Nc3 Nxc3 8.
bxc3 Nc6 9. exd6 Bxd6 10. Bd3 h6 11. O-O O-O 12. Re1 Re8 13. Bc2 Ne7 14. Qd3
Ng6 15. Ne5 Bxe5 16. Rxe5 Bd7 17. Rh5 Bc6 18. Qg3 Qf6 19. Be3 Rad8 20. c4 e5
21. Rf5 Qh4 22. Qxh4 Nxh4 23. Rxe5 Nxg2 24. Rxe8+ Rxe8 25. d5 Nxe3 26. fxe3 Bd7
27. Kf2 Rc8 28. Bd3 Rc5 29. Rb1 b6 30. e4 f6 31. Ke3 Ra5 32. Rb2 Ra3 33. Kd4
Kf7 34. Rg2 g5 35. Rf2 Ke7 36. Bb1 Rh3 37. c5 bxc5+ 38. Kxc5 Rc3+ 39. Kd4 Rh3
40. Bd3 h5 41. Rb2 Kd6 42. Rb7 Rxh2 43. Rxa7 g4 44. Ra6+ Kc7 45. Kc5 Rd2 46.
Ra7+ Kb8 47. Rxd7 Rxd3 48. Rg7 g3 49. d6 h4 50. Kc6 Rc3+ 51. Kb6 Kc8 52. d7+
Kd8 53. a4 h3 54. a5 h2 55. Rh7 g2 56. Rh8+ Kxd7 0-1

[Event "OLNN 1617 Königsspringer - FC St. Pauli"]
[Site "?"]
[Date "2017.01.15"]
[Round "4.7"]
[White "Perez de Miguel, Alvaro"]
[Black "Dettmann, Steffen"]
[Result "0-1"]
[WhiteElo "2260"]
[BlackElo "2186"]
[PlyCount "44"]
[EventDate "2017.??.??"]

1. d4 d5 2. c4 e6 3. Nc3 Be7 4. Nf3 Nf6 5. Bf4 O-O 6. e3 c5 7. dxc5 Bxc5 8. Qc2
Nc6 9. a3 Qa5 10. Bd3 Nb4 11. Qb1 Nxd3+ 12. Qxd3 b6 13. Ne5 Bb4 14. Rc1 Bxc3+
15. Qxc3 Qxc3+ 16. Rxc3 dxc4 17. Rxc4 Ba6 18. Rd4 Rac8 19. Kd2 Rfd8 20. f3 Nd5
21. Bg3 f6 22. Nd7 Bb5 0-1

[Event "OLNN 1617 Königsspringer - FC St. Pauli"]
[Site "?"]
[Date "2017.01.15"]
[Round "4.8"]
[White "Lock, Adrian"]
[Black "Mitscherling, Andreas"]
[Result "1/2-1/2"]
[WhiteElo "2068"]
[BlackElo "2197"]
[PlyCount "162"]
[EventDate "2017.??.??"]

1. e4 e6 2. d4 d5 3. Nd2 a6 4. c3 c5 5. Ngf3 Nc6 6. Bd3 cxd4 7. cxd4 Nf6 8. O-O
Qb6 9. e5 Nd7 10. Nb3 a5 11. a4 Be7 12. Be3 Nb4 13. Bb5 O-O 14. Rc1 Qd8 15. Bd2
b6 16. Bxb4 Bxb4 17. Qe2 Nb8 18. Rc2 Bd7 19. Rfc1 Ra7 20. Nbd2 h6 21. Nb1 Re8
22. Nc3 Bxc3 23. Rxc3 Bxb5 24. Qxb5 Rb7 25. h3 Qd7 26. Ne1 Rd8 27. Nd3 Kf8 28.
Kf1 Ke8 29. Ke2 Qxb5 30. axb5 Ke7 31. b3 Nd7 32. Kd2 Ra8 33. Nb2 Rab8 34. Rg3
g5 35. Rgc3 f6 36. exf6+ Nxf6 37. f3 Ne8 38. Re1 Nc7 39. Rc6 Kd7 40. Kd3 Re8
41. Na4 Nxb5 42. Rxb6 Rxb6 43. Nxb6+ Kd6 44. Na4 e5 45. dxe5+ Rxe5 46. Rc1 Na7
47. Nc5 Nc6 48. Nb7+ Kd7 49. Rc5 Ne7 50. Nxa5 Nf5 51. b4 Nh4 52. Kd4 Rf5 53.
Rxd5+ Rxd5+ 54. Kxd5 Nxg2 55. Ke4 Nf4 56. h4 Ne6 57. hxg5 Nxg5+ 58. Kf4 Kc7 59.
Nc4 Kc6 60. Na3 Kd5 61. Kg4 Ne6 62. Nc2 Kc4 63. Kf5 Nf8 64. f4 Kd5 65. Ne3+ Kd4
66. Nc2+ Kd5 67. Na3 h5 68. Nc2 Kc4 69. Ke4 Nd7 70. f5 Kc3 71. Nd4 Kxb4 72. Kd5
Nf6+ 73. Ke5 Ng4+ 74. Kf4 Kc5 75. Nf3 Kd6 76. Kg5 Ke7 77. Nh4 Kf7 78. Ng6 Nf6
79. Nf4 Ne4+ 80. Kxh5 Ng3+ 81. Kg5 Nxf5 1/2-1/2

[Event "OLNN 1617 Schachfreunde HH - SSC Rostoc"]
[Site "?"]
[Date "2017.01.15"]
[Round "4.1"]
[White "Brynell, Stellan"]
[Black "Sawatzki, Frank"]
[Result "0-1"]
[WhiteElo "2441"]
[BlackElo "2344"]
[PlyCount "76"]
[EventDate "2017.??.??"]

1. d4 d5 2. c4 c6 3. Nf3 Nf6 4. Nc3 dxc4 5. a4 Bf5 6. Ne5 Nbd7 7. Nxc4 Nb6 8.
Ne5 a5 9. e3 g6 10. f3 Nfd7 11. Nxd7 Bxd7 12. e4 Bg7 13. Be3 Be6 14. Be2 Nc4
15. Bf2 Qb6 16. O-O Qxb2 17. d5 Qxc3 18. dxe6 fxe6 19. Bxc4 Qxc4 20. Rb1 Rd8
21. Qe1 Bc3 22. Qe3 b5 23. axb5 cxb5 24. Qb6 b4 25. Qxa5 Kf7 26. Qg5 h6 27.
Qf4+ Kg7 28. h4 e5 29. Qg4 Rhf8 30. h5 g5 31. Be3 Kh8 32. Kh2 Rd3 33. Bf2 Rf4
34. Qh3 g4 35. Qh4 gxf3 36. Qxe7 fxg2 37. Bh4 gxf1=N+ 38. Rxf1 Rh3+ 0-1

[Event "OLNN 1617 Schachfreunde HH - SSC Rostoc"]
[Site "?"]
[Date "2017.01.15"]
[Round "4.2"]
[White "Bokelbrink, Uwe"]
[Black "Rudolf, Henrik"]
[Result "1/2-1/2"]
[WhiteElo "2312"]
[BlackElo "2354"]
[PlyCount "103"]
[EventDate "2017.??.??"]

1. e4 c5 2. Nf3 Nc6 3. Bb5 e6 4. O-O Nge7 5. b3 a6 6. Bxc6 Nxc6 7. Bb2 f6 8.
Nh4 g6 9. f4 Bg7 10. f5 Ne5 11. Bxe5 fxe5 12. Qg4 exf5 13. exf5 O-O 14. fxg6
Rxf1+ 15. Kxf1 hxg6 16. Nc3 d5 17. Qg3 g5 18. Nf3 g4 19. Nh4 Be6 20. Kg1 Qg5
21. Nf3 Qf6 22. Nh4 Rf8 23. Qe1 e4 24. g3 Qd4+ 25. Kg2 e3 26. Rd1 Re8 27. Ne2
Qe4+ 28. Kg1 exd2 29. Qxd2 Bf7 30. Kf2 Bf6 31. Qd3 Qe5 32. Ng2 d4 33. Ngf4 Kg7
34. a4 Rh8 35. Kg1 Rc8 36. Qd2 Re8 37. Rf1 b5 38. Rf2 bxa4 39. bxa4 c4 40. Qd1
Qe4 41. Nc1 Qe1+ 42. Rf1 Qxd1 43. Rxd1 Re4 44. a5 Bd8 45. Nce2 Bxa5 46. Ra1 Re5
47. Kf1 Bb6 48. Rxa6 Rb5 49. Ke1 d3 50. cxd3 cxd3 51. Nxd3 Bc4 52. Ra3 1/2-1/2

[Event "OLNN 1617 Schachfreunde HH - SSC Rostoc"]
[Site "?"]
[Date "2017.01.15"]
[Round "4.3"]
[White "Jaster, Robert"]
[Black "Ritscher, Jan-Paul"]
[Result "1/2-1/2"]
[WhiteElo "2273"]
[BlackElo "2259"]
[PlyCount "104"]
[EventDate "2017.??.??"]

1. Nf3 d5 2. g3 Nf6 3. Bg2 c6 4. O-O Bg4 5. h3 Bf5 6. d3 Nbd7 7. Nc3 e5 8. Re1
Bb4 9. Bd2 Bd6 10. e4 dxe4 11. Nxe4 Nxe4 12. dxe4 Bg6 13. Nh4 O-O 14. Qe2 Re8
15. Rad1 Qc7 16. Nxg6 hxg6 17. h4 Rad8 18. Bc1 Bc5 19. Rd3 Nf6 20. Red1 Rxd3
21. Rxd3 Rd8 22. Rxd8+ Qxd8 23. Bf3 Ne8 24. Kg2 Qd6 25. Qd1 Kf8 26. Qxd6+ Nxd6
27. Kf1 Ke7 28. Bg2 Nc4 29. Ke2 a5 30. a4 b5 31. axb5 cxb5 32. f4 a4 33. c3 f6
34. f5 gxf5 35. exf5 a3 36. bxa3 Nxa3 37. Bc6 Kd6 38. Be8 Ke7 39. Bxa3 Bxa3 40.
Bxb5 Kd6 41. Kd3 Bc5 42. g4 Bf2 43. h5 Bh4 44. Kc4 Bg5 45. Ba4 Bd2 46. Bc2 Kc6
47. Be4+ Kd6 48. Bd5 Ke7 49. Kd3 Bg5 50. Bb3 Kd6 51. Kc4 Bd2 52. Ba4 Ke7
1/2-1/2

[Event "OLNN 1617 Schachfreunde HH - SSC Rostoc"]
[Site "?"]
[Date "2017.01.15"]
[Round "4.4"]
[White "Hermesmann, Hans"]
[Black "Pererva, Viktor"]
[Result "1-0"]
[WhiteElo "2278"]
[BlackElo "2085"]
[PlyCount "63"]
[EventDate "2017.??.??"]

1. d4 d5 2. c4 c6 3. Nc3 dxc4 4. e3 b5 5. a4 b4 6. Ne4 e6 7. Bxc4 Nd7 8. Nf3
Ngf6 9. Qc2 Bb7 10. O-O a5 11. Rd1 Qb6 12. Nxf6+ Nxf6 13. e4 Be7 14. Bg5 h6 15.
Bh4 Rc8 16. Rac1 g5 17. Bg3 c5 18. d5 O-O 19. dxe6 Bxe4 20. exf7+ Kg7 21. Qe2
Qb7 22. Ba6 Qc6 23. Bxc8 Rxc8 24. Nd2 Bxg2 25. Qxe7 Rf8 26. Be5 Rxf7 27. Bxf6+
Kg6 28. Qxc5 Qb7 29. f3 Bh3 30. Be5 Kh5 31. Bg3 Rf5 32. Qe3 1-0

[Event "OLNN 1617 Schachfreunde HH - SSC Rostoc"]
[Site "?"]
[Date "2017.01.15"]
[Round "4.5"]
[White "Mangold, Thomas"]
[Black "Kluenger, Marc"]
[Result "1-0"]
[WhiteElo "1984"]
[BlackElo "2220"]
[PlyCount "75"]
[EventDate "2017.??.??"]

1. d4 d5 2. c4 e6 3. Nc3 c5 4. cxd5 exd5 5. Nf3 Nc6 6. e3 Nf6 7. Be2 Be7 8. O-O
O-O 9. b3 Ne4 10. Bb2 Bf6 11. Nxe4 dxe4 12. Ne5 Bxe5 13. dxe5 Qg5 14. Qc2 Bf5
15. Rfd1 b6 16. a3 Rac8 17. Rd6 Qe7 18. Qc3 Rc7 19. Rad1 Qg5 20. h4 Qe7 21. g3
Be6 22. Bc4 Bg4 23. R1d2 Re8 24. e6 fxe6 25. Bb5 Nd4 26. exd4 Qxd6 27. Bxe8 a6
28. dxc5 Qe7 29. Qe5 bxc5 30. Ba4 Bf3 31. Qd6 Qxd6 32. Rxd6 c4 33. bxc4 Rxc4
34. Bb3 Rc5 35. Rxe6 Kf8 36. a4 Rc7 37. Ba3+ Kf7 38. Re7+ 1-0

[Event "OLNN 1617 Schachfreunde HH - SSC Rostoc"]
[Site "?"]
[Date "2017.01.15"]
[Round "4.6"]
[White "Jaeckle, Marco"]
[Black "Engel, Gunnar"]
[Result "1-0"]
[WhiteElo "2215"]
[BlackElo "2068"]
[PlyCount "95"]
[EventDate "2017.??.??"]

1. e4 c5 2. b3 Nc6 3. Bb2 d6 4. Bb5 e5 5. Ne2 Nf6 6. d3 Bd7 7. Bxc6 Bxc6 8. O-O
Be7 9. Nd2 O-O 10. Ng3 Bd7 11. Qe2 Be6 12. Nc4 b5 13. Ne3 g6 14. f4 exf4 15.
Rxf4 Nd7 16. Ngf5 Bg5 17. Rf2 Ne5 18. d4 cxd4 19. Nxd4 a6 20. Nxe6 fxe6 21.
Rxf8+ Qxf8 22. Ng4 Nxg4 23. Qxg4 Qe7 24. Rf1 Rf8 25. Rxf8+ Kxf8 26. Bd4 Kg8 27.
c4 bxc4 28. bxc4 Bf6 29. Bf2 Kf7 30. Qf3 Kg7 31. g3 Qc7 32. Qd3 Be5 33. Kg2 Qc6
34. Kh3 Qc8 35. Kg2 Qc6 36. Be3 a5 37. Kf3 a4 38. h3 Qb7 39. c5 Qc6 40. Bd4
Bxd4 41. Qxd4+ e5 42. Qxd6 Qe8 43. Ke3 Qc8 44. c6 Kh6 45. c7 Qxh3 46. Qf8+ Kg5
47. Qe7+ Kh6 48. Qh4+ 1-0

[Event "OLNN 1617 Schachfreunde HH - SSC Rostoc"]
[Site "?"]
[Date "2017.01.15"]
[Round "4.7"]
[White "Celmer, Ole"]
[Black "Kull, Florian"]
[Result "1-0"]
[WhiteElo "1917"]
[BlackElo "2187"]
[PlyCount "65"]
[EventDate "2017.??.??"]

1. e4 e6 2. d4 d5 3. Nc3 Bb4 4. exd5 exd5 5. Bd3 Nc6 6. a3 Bxc3+ 7. bxc3 Nf6 8.
Qf3 O-O 9. h3 Ne4 10. Ne2 Re8 11. O-O Na5 12. Ng3 Qh4 13. Re1 Bd7 14. Bf4 Bc6
15. Nf5 Qf6 16. Be5 Rxe5 17. dxe5 Qxe5 18. Qh5 Qf4 19. Ne7+ Kf8 20. Bxe4 dxe4
21. Qc5 Qd6 22. Qxd6 cxd6 23. Nxc6 bxc6 24. Rxe4 d5 25. Rb4 Ke7 26. Rab1 Nc4
27. a4 a5 28. Rb8 Ra6 29. R8b7+ Kf6 30. Re1 Nd6 31. Rd7 Ne4 32. c4 Nc5 33. Rd6+
1-0

[Event "OLNN 1617 Schachfreunde HH - SSC Rostoc"]
[Site "?"]
[Date "2017.01.15"]
[Round "4.8"]
[White "Hermann, Matthias"]
[Black "Jeske, Holger"]
[Result "1-0"]
[WhiteElo "2212"]
[BlackElo "1944"]
[PlyCount "75"]
[EventDate "2017.??.??"]

1. Nc3 d5 2. e4 e6 3. f4 Nf6 4. Qf3 c5 5. Bb5+ Bd7 6. Bxd7+ Qxd7 7. e5 Ng8 8.
Nge2 Nc6 9. a3 g6 10. O-O Nge7 11. d3 h5 12. Be3 Nf5 13. Bf2 h4 14. g4 hxg3 15.
hxg3 Be7 16. Kg2 O-O-O 17. Rh1 g5 18. g4 Nh4+ 19. Bxh4 Rxh4 20. Rxh4 gxh4 21.
Kh3 f6 22. exf6 Bxf6 23. g5 Bg7 24. Rg1 Ne7 25. Rg4 Nf5 26. Nd1 Qc6 27. c3 Qb6
28. Rg2 Re8 29. Ng1 Qb3 30. Ne3 Nd6 31. Qd1 Qb6 32. Qh5 Qc6 33. Nf3 d4 34. cxd4
Nf5 35. d5 Qd7 36. dxe6 Rxe6 37. Nxf5 Re3 38. Qg4 1-0

[Event "OLNN 1617 Agon Neumünster - SC Diogene"]
[Site "?"]
[Date "2017.01.15"]
[Round "4.1"]
[White "Hochgraefe, Markus"]
[Black "Hagenstein, Frank"]
[Result "1-0"]
[WhiteElo "2404"]
[BlackElo "2266"]
[PlyCount "47"]
[EventDate "2017.??.??"]

1. Nf3 c5 2. c4 Nc6 3. Nc3 e5 4. e3 Nf6 5. Be2 d5 6. d4 exd4 7. exd4 Be6 8.
cxd5 Nxd5 9. O-O cxd4 10. Nxd4 Nxc3 11. bxc3 Nxd4 12. cxd4 Be7 13. Qa4+ Bd7 14.
Qb3 O-O 15. Bf3 Bd6 16. Qxb7 Rc8 17. Be3 Rc7 18. Qb3 Qh4 19. g3 Qf6 20. Bg2
Rfc8 21. Qd5 Ba3 22. Rab1 Qa6 23. Qb3 Bf5 24. Bb7 1-0

[Event "OLNN 1617 Agon Neumünster - SC Diogene"]
[Site "?"]
[Date "2017.01.15"]
[Round "4.2"]
[White "Parvanyan, Ashot"]
[Black "Kaid, Almar"]
[Result "1/2-1/2"]
[WhiteElo "2364"]
[BlackElo "2270"]
[PlyCount "50"]
[EventDate "2017.??.??"]

1. Nf3 c5 2. c4 g6 3. d4 cxd4 4. Nxd4 Nc6 5. e4 Nf6 6. Nc3 Nxd4 7. Qxd4 d6 8.
f3 Bg7 9. Be3 O-O 10. Qd2 a5 11. b3 Bd7 12. Be2 Bc6 13. O-O Nd7 14. Rab1 Nc5
15. a3 Qc7 16. Bd1 Rfc8 17. b4 axb4 18. axb4 Ra3 19. Rc1 Na4 20. Nb1 Ra1 21.
Bd4 Bxd4+ 22. Qxd4 Ra2 23. Bb3 e5 24. Qa7 Ra1 25. b5 Nc5 1/2-1/2

[Event "OLNN 1617 Agon Neumünster - SC Diogene"]
[Site "?"]
[Date "2017.01.15"]
[Round "4.3"]
[White "Schulenburg, Fabian"]
[Black "Wulf von Moers, Jens"]
[Result "1/2-1/2"]
[WhiteElo "2237"]
[BlackElo "2178"]
[PlyCount "51"]
[EventDate "2017.??.??"]

1. e4 d6 2. Nc3 Nf6 3. d4 e5 4. Nf3 Nbd7 5. Bc4 Be7 6. O-O O-O 7. Re1 c6 8. a4
a5 9. h3 Nb6 10. Bf1 exd4 11. Nxd4 d5 12. e5 Ne8 13. Nce2 g6 14. Ng3 Ng7 15.
Be3 Nd7 16. Nf3 Re8 17. Qd2 Nc5 18. Bg5 Bd7 19. Bxe7 Qxe7 20. b3 b6 21. Rad1
Rad8 22. Bd3 f5 23. exf6 Qxf6 24. Qh6 Nge6 25. Ne5 Rf8 26. Ng4 {(=)} 1/2-1/2

[Event "OLNN 1617 Agon Neumünster - SC Diogene"]
[Site "?"]
[Date "2017.01.15"]
[Round "4.4"]
[White "Ressler, Eckart"]
[Black "Korba, Roman"]
[Result "1/2-1/2"]
[WhiteElo "2212"]
[BlackElo "2216"]
[PlyCount "65"]
[EventDate "2017.??.??"]

1. b3 e5 2. Bb2 d6 3. e3 Nf6 4. c4 Nc6 5. Nc3 Be6 6. Nf3 Be7 7. d4 exd4 8. Nxd4
Nxd4 9. Qxd4 c5 10. Qd2 O-O 11. Be2 d5 12. cxd5 Nxd5 13. Nxd5 Qxd5 14. Qxd5
Bxd5 15. Bc4 Bxc4 16. bxc4 Rfd8 17. Ke2 Rd6 18. Rhd1 Rad8 19. Rxd6 Rxd6 20. Bc3
Ra6 21. a4 f6 22. a5 b6 23. axb6 Rxa1 24. Bxa1 axb6 25. g4 Kf7 26. f4 g6 27. f5
h5 28. h3 hxg4 29. hxg4 gxf5 30. gxf5 Ke8 31. Kd3 Kd7 32. e4 Kc6 33. e5 1/2-1/2

[Event "OLNN 1617 Agon Neumünster - SC Diogene"]
[Site "?"]
[Date "2017.01.15"]
[Round "4.5"]
[White "Schulenburg, Torben"]
[Black "Menzel, Ralf"]
[Result "1/2-1/2"]
[WhiteElo "2141"]
[BlackElo "2208"]
[PlyCount "24"]
[EventDate "2017.??.??"]

1. d4 d5 2. c4 dxc4 3. e3 e5 4. Bxc4 exd4 5. Nf3 Bb4+ 6. Ke2 Qe7 7. Nxd4 Nf6 8.
Qc2 O-O 9. Nc3 c5 10. Nf3 Be6 11. Bxe6 Qxe6 12. Rd1 Qc4+ {(=)} 1/2-1/2

[Event "OLNN 1617 Agon Neumünster - SC Diogene"]
[Site "?"]
[Date "2017.01.15"]
[Round "4.6"]
[White "Neumann, Joachim"]
[Black "Stephan, Axel"]
[Result "0-1"]
[WhiteElo "2069"]
[BlackElo "2198"]
[PlyCount "78"]
[EventDate "2017.??.??"]

1. c4 e6 2. g3 Nf6 3. Bg2 d5 4. Nf3 c5 5. O-O d4 6. e3 Nc6 7. exd4 cxd4 8. d3
Be7 9. Bf4 Nd7 10. Qe2 O-O 11. h4 Re8 12. Bg5 f6 13. Bc1 e5 14. b3 a5 15. Ba3
Nb4 16. Nbd2 Nc5 17. Bxb4 axb4 18. Ne4 Ne6 19. Ned2 Ra5 20. Ne1 Qc7 21. Nc2 Bd7
22. Bd5 Bf8 23. a4 bxa3 24. b4 Rxd5 25. cxd5 Qxc2 26. dxe6 Bxe6 27. Rfe1 Qa4
28. Nc4 Bxb4 29. Reb1 Bxc4 30. dxc4 e4 31. Qh5 Re5 32. Qg4 Re7 33. Qc8+ Kf7 34.
Qf5 e3 35. fxe3 dxe3 36. Rd1 g6 37. Qd5+ Kg7 38. Re1 Bxe1 39. Rxe1 Qc2 0-1

[Event "OLNN 1617 Agon Neumünster - SC Diogene"]
[Site "?"]
[Date "2017.01.15"]
[Round "4.7"]
[White "Gottuk, Stefan"]
[Black "Grohde, Wolfgang"]
[Result "1/2-1/2"]
[WhiteElo "2194"]
[BlackElo "2087"]
[PlyCount "47"]
[EventDate "2017.??.??"]

1. e4 c5 2. Be2 d5 3. exd5 Qxd5 4. Nf3 Nc6 5. c3 g6 6. d4 Bg7 7. dxc5 Qxc5 8.
Be3 Qa5 9. Nd4 Nxd4 10. Bxd4 Nf6 11. Bf3 O-O 12. O-O e5 13. Be3 Qc7 14. Nd2 Be6
15. Qa4 Nd5 16. Rfe1 Rfd8 17. Nf1 Nxe3 18. Rxe3 a6 19. Qb4 Rd7 20. a4 f5 21. a5
Rad8 22. Ree1 e4 23. Bd1 Bf6 24. Bb3 {(=)} 1/2-1/2

[Event "OLNN 1617 Agon Neumünster - SC Diogene"]
[Site "?"]
[Date "2017.01.15"]
[Round "4.8"]
[White "Maass, Joerg"]
[Black "Laqua, Christian"]
[Result "1/2-1/2"]
[WhiteElo "2150"]
[BlackElo "2121"]
[PlyCount "24"]
[EventDate "2017.??.??"]

1. d4 Nf6 2. c4 d6 3. Nf3 Nbd7 4. Nc3 e5 5. e4 Be7 6. Be2 O-O 7. O-O c6 8. Re1
Qe8 9. Qc2 Bd8 10. d5 Bb6 11. Na4 Bc7 12. b4 Nb6 {(=)} 1/2-1/2

[Event "OLNN 1617 SC Diogenes - SF Schwerin"]
[Site "?"]
[Date "2017.02.05"]
[Round "5.1"]
[White "Spivak, Ilya"]
[Black "Hochgraefe, Markus"]
[Result "1/2-1/2"]
[WhiteElo "2338"]
[BlackElo "2404"]
[PlyCount "186"]
[EventDate "2017.??.??"]

1. e4 e6 2. d4 d5 3. Nc3 Bb4 4. e5 c5 5. a3 Bxc3+ 6. bxc3 Ne7 7. Qg4 Qc7 8.
Qxg7 Rg8 9. Qxh7 cxd4 10. Ne2 Nbc6 11. f4 dxc3 12. h4 Bd7 13. h5 O-O-O 14. Qd3
Kb8 15. Rb1 Nf5 16. g3 d4 17. Bg2 Na5 18. Rh3 Bc6 19. Be4 Bxe4 20. Qxe4 Nc6 21.
Kf2 Rg7 22. a4 Ka8 23. h6 Rh7 24. Ba3 Rxh6 25. Rxh6 Nxh6 26. Bd6 Qa5 27. Qh7
Ng4+ 28. Kg1 Qd5 29. Qh1 Qxh1+ 30. Kxh1 Ne3 31. Rc1 b6 32. Kg1 Nc4 33. Rd1 Ne3
34. Rc1 Kb7 35. Kf2 Nc4 36. Rd1 Nxd6 37. exd6 Rxd6 38. Nxc3 f5 39. Kf3 a6 40.
g4 Kc7 41. Ne2 fxg4+ 42. Ke4 Rd5 43. Rg1 Rc5 44. Kd3 Ra5 45. Nxd4 Nxd4 46. Kxd4
Kd6 47. Rxg4 Rxa4+ 48. Ke3 Rc4 49. Rg2 b5 50. Rd2+ Ke7 51. Rg2 Kd6 52. Rd2+ Kc7
53. Rf2 Kc6 54. Kd3 Rc5 55. c3 a5 56. Rh2 b4 57. cxb4 axb4 58. Rh6 Kd5 59. Rh5+
Kd6 60. Rh8 Rb5 61. Kc4 Rb6 62. f5 b3 63. f6 Rb7 64. f7 Rxf7 65. Kxb3 Rc7 66.
Rh1 e5 67. Rd1+ Ke6 68. Re1 Rc8 69. Kb4 Rc6 70. Kb3 Rc5 71. Kb4 Kd6 72. Rh1 Rc2
73. Kb3 Rc8 74. Rd1+ Ke6 75. Re1 Rc7 76. Kb4 Rd7 77. Kc3 Rd4 78. Re2 Kf5 79.
Re1 Re4 80. Rh1 Rd4 81. Rh5+ Ke6 82. Rh3 Ra4 83. Kd2 Ra2+ 84. Ke1 Kd5 85. Rd3+
Ke4 86. Rb3 Kf4 87. Rc3 e4 88. Rb3 Rh2 89. Ra3 e3 90. Ra8 Rh1+ 91. Ke2 Rh2+ 92.
Ke1 Rh1+ 93. Ke2 Rh2+ 1/2-1/2

[Event "OLNN 1617 SC Diogenes - SF Schwerin"]
[Site "?"]
[Date "2017.02.05"]
[Round "5.2"]
[White "Schulenburg, Fabian"]
[Black "Kesten, Sebastian"]
[Result "1/2-1/2"]
[WhiteElo "2237"]
[BlackElo "2275"]
[PlyCount "36"]
[EventDate "2017.??.??"]

1. e4 c5 2. Nf3 Nc6 3. Bb5 d6 4. O-O Bd7 5. Re1 Nf6 6. c3 a6 7. Bf1 Bg4 8. h3
Bh5 9. g4 Bg6 10. d4 e5 11. d5 Nb8 12. Nbd2 Be7 13. a4 O-O 14. a5 Nbd7 15. Bc4
h6 16. Qe2 Nh7 17. Bd3 Ng5 18. Kg2 Nxf3 1/2-1/2

[Event "OLNN 1617 SC Diogenes - SF Schwerin"]
[Site "?"]
[Date "2017.02.05"]
[Round "5.3"]
[White "Reichmann, Hendrik"]
[Black "Korba, Roman"]
[Result "1-0"]
[WhiteElo "2354"]
[BlackElo "2216"]
[PlyCount "97"]
[EventDate "2017.??.??"]

1. c4 d6 2. g3 e5 3. Bg2 Be7 4. Nc3 f5 5. d4 Nf6 6. e3 c6 7. Nge2 O-O 8. b4 Be6
9. d5 Bf7 10. O-O Qd7 11. Rb1 e4 12. f3 cxd5 13. cxd5 exf3 14. Bxf3 Na6 15. a3
Nc7 16. Bg2 Rae8 17. h3 Bd8 18. Kh2 Re5 19. Nf4 a6 20. a4 g5 21. Nd3 Ree8 22.
Nf2 Bg6 23. b5 axb5 24. axb5 Qg7 25. b6 Na6 26. Ba3 Rxe3 27. Nb5 Ne8 28. Bb2
Bf6 29. Qd2 Rxg3 30. Kxg3 Be5+ 31. Kf3 Bh5+ 32. Ke3 Bf4+ 33. Kd3 Qd7 34. Qa5
Nc5+ 35. Kc2 Be2 36. Nd4 Bxf1 37. Rxf1 Nf6 38. Kb1 Be5 39. Qb5 Qf7 40. Nd3 Nxd3
41. Qxd3 f4 42. Ne6 Ra8 43. Nxg5 Qg7 44. Bxe5 dxe5 45. Qf5 e4 46. Qe6+ Kh8 47.
Nf7+ Kg8 48. Ne5+ Kh8 49. Rxf4 1-0

[Event "OLNN 1617 SC Diogenes - SF Schwerin"]
[Site "?"]
[Date "2017.02.05"]
[Round "5.4"]
[White "Schulenburg, Torben"]
[Black "Schulz, Karsten"]
[Result "1/2-1/2"]
[WhiteElo "2141"]
[BlackElo "2323"]
[PlyCount "87"]
[EventDate "2017.??.??"]

1. d4 e6 2. c4 Nf6 3. g3 Bb4+ 4. Bd2 Qe7 5. Bg2 Nc6 6. Nf3 O-O 7. Nc3 d5 8. O-O
dxc4 9. Bg5 h6 10. Bxf6 Qxf6 11. Ne4 Qe7 12. Rc1 Rd8 13. e3 e5 14. a3 Ba5 15.
Rxc4 exd4 16. Nxd4 Nxd4 17. Rxd4 Be6 18. b4 Bb6 19. Nc5 Bxc5 20. bxc5 Rxd4 21.
exd4 c6 22. Re1 Qd7 23. Qa4 a6 24. Qb4 Rd8 25. Rd1 Qe7 26. Qc3 Bg4 27. f3 Be6
28. Kf2 Qf6 29. Bf1 Bd5 30. Re1 Be6 31. Rd1 Rd5 32. Qe3 Rh5 33. Kg1 Rd5 34. Kf2
Rd7 35. Qc3 Bd5 36. Re1 Rd8 37. Qe3 Be6 38. Rd1 Re8 39. Qc3 Bd5 40. Rd3 g5 41.
Re3 Rd8 42. Re5 Be6 43. Bc4 Bxc4 44. Qxc4 1/2-1/2

[Event "OLNN 1617 SC Diogenes - SF Schwerin"]
[Site "?"]
[Date "2017.02.05"]
[Round "5.5"]
[White "Wolf, Christoph"]
[Black "Stephan, Axel"]
[Result "1-0"]
[WhiteElo "2173"]
[BlackElo "2198"]
[PlyCount "41"]
[EventDate "2017.??.??"]

1. e4 e6 2. d4 d5 3. Nc3 dxe4 4. Nxe4 Nd7 5. Nf3 Ngf6 6. Nxf6+ Nxf6 7. c3 c5 8.
Bb5+ Bd7 9. Bxd7+ Qxd7 10. Ne5 Qb5 11. a4 Qa6 12. a5 Bd6 13. Qa4+ Kf8 14. Bg5
Rc8 15. Bxf6 gxf6 16. Nd7+ Ke7 17. dxc5 Bxc5 18. b4 Bxf2+ 19. Kxf2 Qd6 20. Rhd1
Qxh2 21. b5 1-0